[Event "53rd Capablanca Memorial 2018"]
[Site "Havana"]
[Date "2018.05.17"]
[Round "8"]
[White "Dreev, Aleksey"]
[Black "Shankland, Samuel"]
[Result "1/2-1/2"]
[WhiteElo "2653"]
[BlackElo "2701"]
[Annotator "TA"]
[PlyCount "36"]
[EventDate "2018.05.19"]
[EventType "tourn"]
[EventCountry "CUB"]
[SourceTitle "playchess.com"]
[Source "ChessBase"]
[SourceQuality "1"]

{[%evp 25,36,11,10,18,16,14,20,16,24,0,16,0,24]} 1. d4 Nf6 2. c4 e6 3. Nc3 d5 4. cxd5 Nxd5 5. e4 Nxc3 6. bxc3 c5 7. Nf3 cxd4 8. cxd4 Bb4+ 9. Bd2 Bxd2+ 10. Qxd2 O-O 11. Rc1 Nc6 {D41: Queen's Gambit Declined: Semi-Tarrasch with 5 cxd5} (11... b6 12. Bd3 Ba6 13. Bxa6 Nxa6 14. O-O Qe7 15. Qe2 Qb7 16. Ne5 Rac8 17. h4 Nb8 18. Nc4 Qa6 19. Rc2 {½-½ (61) So,W (2788)-Dominguez Perez,L (2739) Saint Louis 2017}) 12. Bb5 Ne7 13. O-O b6 {LiveBook: 3 Games} 14. Ne5 $146 ({Predecessor:} 14. Rfd1 Bb7 15. Qe3 Rc8 16. Ne5 Qd6 17. f3 Rxc1 18. Rxc1 Rd8 19. a4 {½-½ (34) Kaczmarczyk,D (2410)-Korpa,B (2482) Germany 2017}) 14... Bb7 15. f3 Qd6 16. Nc4 Qd8 17. Ne5 Qd6 18. Nc4 Qd8 $1 1/2-1/2

[Event "53rd Capablanca Memorial 2018"]
[Site "Havana"]
[Date "2018.05.17"]
[Round "8"]
[White "Anton Guijarro, David"]
[Black "Rakhmanov, Aleksandr"]
[Result "1-0"]
[WhiteElo "2646"]
[BlackElo "2635"]
[Annotator "TA"]
[PlyCount "157"]
[EventDate "2018.05.19"]
[EventType "tourn"]
[EventCountry "CUB"]
[SourceTitle "playchess.com"]
[Source "ChessBase"]
[SourceQuality "1"]

{[%evp 9,157,36,33,30,28,31,23,27,33,22,26,22,21,16,29,29,41,0,0,0,0,-6,0,-5,45,40,41,35,37,29,57,51,99,99,89,85,94,98,104,93,93,98,112,95,131,84,97,99,148,150,189,187,195,191,247,147,133,87,110,110,110,110,205,164,197,207,205,177,180,146,154,155,145,120,150,130,185,135,157,116,141,106,120,120,144,100,218,178,169,168,181,166,221,158,176,171,241,247,239,180,285,254,238,221,260,253,305,312,296,200,256,254,238,238,427,417,419,409,1466,1777,1573,1488,858,576,470,0,768,543,599,634,629,614,588,576,571,554,1040,1035,1419,1379,1250,966,5060,5060,5052,5039,29973,29974,29986,29987]} 1. d4 Nf6 2. c4 d6 3. Nc3 Bf5 4. Bg5 Nbd7 5. e3 (5. Nf3 c6 6. e3 Ne4 7. Nxe4 Bxe4 8. Nd2 Qa5 9. Bh4 g5 10. Bg3 Bg7 11. a3 Bg6 12. h4 gxh4 13. Rxh4 {½-½ (42) Rodshtein,M (2634)-Markovic,M (2458) Valjevo 2012}) 5... h6 6. Bh4 {A53: Old Indian Defence without Nf3} c6 $146 ({Predecessor:} 6... e5 7. Bd3 Bxd3 8. Qxd3 Be7 9. Nf3 O-O 10. O-O c6 11. Rfd1 Qc7 12. Rac1 {1-0 (36) Kambrath,Y (2293)-Vishnu,P (2468) Rochefort 2014}) 7. Bd3 Bxd3 8. Qxd3 {White has an edge.} d5 9. cxd5 cxd5 10. Qb5 g5 11. Bg3 Qb6 12. Nf3 e6 13. Qe2 Bb4 14. O-O Bxc3 15. bxc3 Ne4 16. c4 dxc4 17. Qxc4 Qc6 18. Qb4 a5 19. Qb2 Qd5 20. Nd2 O-O 21. Nxe4 Qxe4 22. Rab1 Rfc8 23. Qxb7 Nf6 24. Be5 Qxb7 25. Rxb7 Nd5 26. a3 Rc2 27. h4 gxh4 28. Kh2 Rac8 29. Kh3 Nc3 30. Kxh4 Ne4 31. f3 Ng5 {[#]} (31... Nf2 $142 32. Bf6 Nd3) 32. Kg3 (32. Rg1 $1 $18) 32... Kh7 $16 33. Rf2 R2c3 34. Re2 Kg6 35. Bd6 Rh8 (35... Rc2 $16 36. Rb2 Rxe2 37. Rxe2 Rc3) 36. Rb5 a4 37. Ra5 Rc4 38. Bf4 Nh7 39. Kh3 Nf6 40. Be5 Rhc8 41. Re1 Rd8 42. Ra6 Nh7 (42... Re8 $16 43. g4 Nd7) 43. Kg3 h5 44. Kf2 h4 45. Re2 Ng5 46. Bf4 Nh7 47. Ra5 Rd7 (47... Rd5 $16 48. Rxd5 exd5) 48. Rb2 {Black must now prevent Rc5.} f6 49. Ra6 Kf7 50. Ke2 Nf8 (50... Ng5 {was called for.} 51. Kd3 Rc1 52. Bxg5 (52. Rxa4 h3 $18) 52... fxg5 53. Rxa4 e5) 51. Bd6 Ng6 52. Kd2 h3 (52... Ne7 $142 53. Kd3 Rc6 54. Rxc6 Nxc6) 53. gxh3 $18 Nh4 54. Ke2 Rc1 (54... Rc3 {might work better.} 55. Rbb6 Nf5) 55. Bg3 Nf5 56. Bf2 Rdc7 57. e4 Ne7 58. Rxa4 Ng6 {If Black can now play ...Nf4+ this consolidates a bit.} 59. Rab4 {Strongly threatening Bg3.} Nf4+ {[#]} 60. Kd2 $1 Nxh3 61. Be3 f5 $2 (61... Ng5 62. Rb7 R1c2+ 63. Rxc2 Rxb7 64. Bxg5 fxg5) 62. exf5 exf5 63. d5 {Hoping for d6.} ({Worse is} 63. Rb7 f4 $11) 63... Ra1 (63... Rc8 $142 64. Rh4 f4) 64. Rb7 Rxb7 65. Rxb7+ {[%mdl 4096] Endgame KRB-KRN} Kg6 66. Rb6+ Kf7 67. Rb7+ (67. Ra6 $142) 67... Kg6 {Black hopes to continue with ...Ra2+.} 68. Rb3 Ra2+ 69. Kd3 f4 70. Bc5 Ng5 71. Kc4 Kf5 72. Kb5 Ke5 73. Rd3 Nf7 74. d6 {[%cal Bd5d6,Bd6d7][%mdl 32]} Rb2+ 75. Bb4 Ke6 76. d7 Nd8 77. a4 {[%cal Ba3a4,Ba4a5][%mdl 32]} Re2 78. a5 Re3 79. Rd6+ {Precision: White = 60%, Black = 47%.} 1-0

[Event "53rd Capablanca Memorial 2018"]
[Site "Havana"]
[Date "2018.05.18"]
[Round "9"]
[White "Shankland, Samuel"]
[Black "Anton Guijarro, David"]
[Result "1/2-1/2"]
[WhiteElo "2701"]
[BlackElo "2646"]
[Annotator "TA"]
[PlyCount "48"]
[EventDate "2018.05.19"]
[EventType "tourn"]
[EventCountry "CUB"]
[SourceTitle "playchess.com"]
[Source "ChessBase"]
[SourceQuality "1"]

{[%evp 25,48,33,40,40,38,33,37,25,43,44,41,0,0,0,0,0,0,0,0,0,0,0,0,0,0]} 1. d4 Nf6 2. c4 e6 3. Nf3 d5 4. Nc3 dxc4 5. e4 Bb4 6. Bg5 h6 7. Bxf6 Qxf6 8. Bxc4 c5 9. O-O {D39: Queen's Gambit Declined: Ragozin Defence with 5 Bg5 dxc4} cxd4 10. Nb5 (10. e5 Qd8 11. Ne4 O-O 12. Qe2 Be7 13. Rad1 Qc7 14. Bd3 Nd7 15. Rc1 Qa5 16. g4 Nxe5 17. Nxe5 Qxe5 {0-1 (37) Aronian,L (2794)-Caruana,F (2784) Berlin 2018}) 10... Qe7 11. Qxd4 O-O 12. Nxa7 Bc5 13. Nxc8 Rxc8 {LiveBook: 10 Games} 14. Qd3 Nc6 15. Qe2 Rd8 16. g3 $146 ({Predecessor:} 16. Rfd1 Rxd1+ 17. Rxd1 {½-½ (52) Beradze,I (2464)-Meier,G (2648) Batumi 2018}) 16... Nd4 17. Nxd4 Rxd4 18. Kg2 Rad8 {The position is equal.} 19. Rfd1 Rxd1 20. Rxd1 Rxd1 21. Qxd1 Bxf2 22. Bxe6 Qxe6 23. Qd8+ Kh7 {[#] Strongly threatening ...Bc5.} 24. Kxf2 Qxe4 1/2-1/2

[Event "53rd Capablanca Memorial 2018"]
[Site "Havana"]
[Date "2018.05.18"]
[Round "9"]
[White "Dreev, Aleksey"]
[Black "Bruzon Batista, Lazaro"]
[Result "1/2-1/2"]
[WhiteElo "2653"]
[BlackElo "2664"]
[Annotator "TA"]
[PlyCount "43"]
[EventDate "2018.05.19"]
[EventType "tourn"]
[EventCountry "CUB"]
[SourceTitle "playchess.com"]
[Source "ChessBase"]
[SourceQuality "1"]

{[%evp 20,43,22,11,45,16,25,18,32,25,17,-10,10,6,16,22,26,27,15,11,18,0,16,7,15,7]} 1. d4 Nf6 2. Nf3 g6 3. g3 c5 4. c4 Bg7 5. Bg2 O-O 6. Nc3 cxd4 7. Nxd4 Qc7 {E60: King's Indian: Unusual lines and Fianchetto Variation without Nc3} 8. Qd3 Nc6 9. Bf4 d6 10. Nxc6 bxc6 11. O-O {LiveBook: 3 Games} a5 $146 ({Predecessor:} 11... Be6 12. Rac1 Nd7 13. b4 Ne5 14. Bxe5 Bxe5 15. b5 {½-½ (40) Jobava,B (2668)-Grischuk,A (2750) Reykjavik 2015}) 12. b3 Bb7 13. Rad1 Nd7 14. Qe3 Rfe8 15. Rc1 {[%cal Bd1c1,Bc1c2,Bc2d2][%mdl 32]} e5 16. Bh6 Bxh6 17. Qxh6 Nc5 18. Rfd1 Rad8 19. Rc2 {The position is equal.} f5 20. Qc1 Bc8 21. Rcd2 Be6 22. Qa3 {Precision: White = 45%, Black = 31%.} 1/2-1/2

[Event "53rd Capablanca Memorial 2018"]
[Site "Havana"]
[Date "2018.05.18"]
[Round "9"]
[White "Rakhmanov, Aleksandr"]
[Black "Bacallao Alonso, Yusnel"]
[Result "1/2-1/2"]
[WhiteElo "2635"]
[BlackElo "2594"]
[Annotator "TA"]
[PlyCount "137"]
[EventDate "2018.05.19"]
[EventType "tourn"]
[EventCountry "CUB"]
[SourceTitle "playchess.com"]
[Source "ChessBase"]
[SourceQuality "1"]

{[%evp 21,137,-16,-16,-20,-25,-23,0,0,8,19,10,14,16,11,11,0,11,8,22,21,73,67,56,64,61,60,68,66,75,59,58,47,62,48,49,32,33,34,42,45,56,39,52,47,61,39,58,64,65,45,47,48,45,32,76,27,25,19,145,113,111,125,121,121,106,106,106,95,167,135,129,103,183,183,183,183,185,185,188,188,260,260,260,260,260,260,260,260,332,260,261,213,261,261,277,301,318,228,247,247,247,0,0,0,0,0,0,0,0,0,0,0,0,0,0,0,0,0]} 1. c4 Nf6 2. Nc3 e6 3. e4 d5 4. exd5 exd5 5. d4 Be7 6. Bd3 dxc4 7. Bxc4 O-O 8. Nge2 {[%cal Bg1e2,Be2f4,Bf4d3,Bd3e5][%mdl 32]} Nbd7 9. O-O Nb6 10. Bb3 {C01: French: Exchange Variation} c6 (10... Bg4 11. f3 Bh5 12. Ng3 c5 13. Nxh5 Nxh5 14. dxc5 Bxc5+ 15. Kh1 Nf6 16. Bg5 h6 17. Qxd8 Rfxd8 18. Bxf6 gxf6 {½-½ (50) Rakhmanov,A (2653)-Bacrot,E (2725) Riadh 2017}) 11. Bg5 Re8 {LiveBook: 6 Games} 12. Nf4 $146 ({Predecessor:} 12. Qd3 Nfd5 13. Bxe7 Rxe7 14. Rfe1 Be6 {½-½ (39) Zorman,V (2305)-Kovacevic,B (2395) Bled 1998}) 12... Bf5 13. Re1 Qd7 14. Nd3 Nbd5 15. Ne5 Qd6 16. Bh4 Be6 17. Bg3 Qb4 18. Rc1 Rad8 19. a3 Qa5 20. Na4 Nb6 (20... Nd7 $11 {keeps the balance.}) 21. Bxe6 $16 fxe6 22. Nc3 Nbd5 23. Nf3 Bf8 24. Qb3 Qb6 25. Qc2 Nxc3 26. Qxc3 Rd5 27. Qc2 Bd6 28. Re2 Bxg3 29. hxg3 Nd7 30. Rce1 Nf8 31. g4 {[%cal Bg3g4,Bg4g5][%mdl 32]} Rb5 32. g5 Rd8 33. g3 Qc7 34. Kg2 Qf7 35. Ne5 Qe7 36. g6 hxg6 37. Re4 {[%cal Be2e4,Be4f4,Bf4f7,Bf7b7][%mdl 32]} Rbd5 38. Rf4 Rxd4 39. Rf7 $36 {[%mdl 2048] White is pushing.} Qd6 (39... Qxf7 $1 $11 {remains equal.} 40. Nxf7 Kxf7) 40. Rxb7 Qd5+ {[#]} 41. Kg1 $1 Rd2 42. Qxc6 Qxc6 43. Nxc6 R8d7 44. Rxd7 Rxd7 {[%mdl 4096] Endgame KRN-KRN} (44... Nxd7 $16 {was called for.} 45. b4 (45. Nxa7 Rxb2 46. Rxe6 Kf7 $16) 45... Ra2 46. Rxe6 Rxa3 47. Re8+ (47. Rxg6 Kf7 $16) 47... Kh7) 45. Ne5 Rd5 46. f4 Nd7 (46... a6 $16) 47. Nxd7 $18 ({Don't do} 47. Nxg6 $6 Kf7 $14) 47... Rxd7 48. Rxe6 {KR-KR} Rd1+ 49. Kg2 Rd2+ 50. Kh3 Kf7 (50... Rxb2 {is a better defense.} 51. Rxg6 Kf8) 51. Ra6 Rxb2 {If Black can now play ...Rb7 this consolidates a bit.} 52. Rxa7+ Kf6 53. Ra6+ Kf7 54. Kh4 Rb5 55. a4 Rc5 56. Kg4 Rc4 57. a5 Rc5 58. Ra8 Rb5 59. Kh3 g5 60. Kg4 gxf4 61. Kxf4 $2 (61. gxf4 $18 Rb1 62. a6) 61... Kg6 $1 $11 {The position is equal.} 62. a6 {Ke4 is the strong threat.} Ra5 63. Ke4 {[#] Black must now prevent Kd4.} Kg5 64. Kd4 {Hoping for Kc3.} Kg4 65. Kc4 {Threatens to win with Kb4.} Kxg3 66. Kb4 Ra1 67. Kb5 g5 68. Rc8 g4 69. Kb6 {Precision: White = 65%, Black = 50%.} 1/2-1/2

[Event "53rd Capablanca Memorial 2018"]
[Site "Havana"]
[Date "2018.05.19"]
[Round "10"]
[White "Bruzon Batista, Lazaro"]
[Black "Rakhmanov, Aleksandr"]
[Result "1/2-1/2"]
[WhiteElo "2664"]
[BlackElo "2635"]
[Annotator "TA"]
[PlyCount "82"]
[EventDate "2018.05.19"]
[EventType "tourn"]
[EventCountry "CUB"]
[SourceTitle "playchess.com"]
[Source "ChessBase"]
[SourceQuality "1"]

{[%evp 9,82,29,31,25,39,3,15,0,0,-7,0,0,0,-5,3,-3,28,0,12,13,10,6,20,20,17,16,12,16,25,8,11,12,16,1,0,0,0,0,28,18,17,0,0,0,0,0,0,0,0,0,0,0,0,0,0,0,0,0,0,0,0,0,0,-75,-85,-75,-23,-46,-33,-156,-152,-140,-141,-148,-139]} 1. c4 e5 2. g3 h5 3. Nc3 Bb4 $146 ({Predecessor:} 3... h4 4. Bg2 Nc6 5. Nf3 h3 6. Bf1 d6 7. d4 Bg4 8. d5 Nce7 9. e4 g6 10. Be2 Bh6 11. Bxh6 Nxh6 {0-1 (43) Ponkratov,P (2589)-Popov,I (2596) Sochi 2016}) 4. Nd5 a5 5. a3 Bc5 6. e3 {A20: English Opening: 1...e5} d6 7. Bg2 c6 8. Nc3 {The position is equal.} h4 9. d4 Bb6 10. Nf3 h3 11. Bf1 Qe7 12. Be2 Nf6 13. O-O Bg4 14. c5 exd4 15. cxd6 Qxd6 16. exd4 O-O 17. Bf4 Qd8 18. Ng5 Bxe2 19. Qxe2 Bxd4 20. Rad1 c5 21. Nxh3 Nc6 22. Ng5 Re8 23. Qc2 Qd7 24. Nb5 Ne5 25. a4 Rad8 26. Bxe5 Rxe5 27. Nf3 Rd5 $1 {[#] aiming for ...Bxf2+!} 28. Kg2 Ng4 {[%cal Bf6g4,Bg4h6,Bh6f5][%mdl 32]} 29. Rde1 Rh5 {And now ...Nxh2! would win.} 30. h4 $1 Bf6 31. b3 Rd5 $36 {[%mdl 2048] Black has the initiative.} 32. Re4 Nh6 33. Rfe1 Nf5 $1 34. Qc4 g6 35. Nc3 Rd3 36. Ne5 (36. Nb5 $11 {remains equal.}) 36... Bxe5 $1 $17 37. Rxe5 b6 ({Black should play} 37... Rd4 $17 38. Qe2 Qc6+ 39. Kg1 Rb4 40. Re8+ Rxe8 41. Qxe8+ Qxe8 42. Rxe8+ Kg7) 38. Ne4 Kg7 {Hoping for ...Qc7.} 39. Kg1 {[#]} (39. Ng5 $15 Qc6+ 40. Kg1) 39... Nxh4 $1 {[%mdl 512] Black is clearly better.} 40. Ng5 {Strongly threatening Re7.} (40. gxh4 Qg4+) 40... Nf3+ 41. Nxf3 Rxf3 {Precision: White = 58%, Black = 80%.} 1/2-1/2

[Event "53rd Capablanca Memorial 2018"]
[Site "Havana"]
[Date "2018.05.19"]
[Round "10"]
[White "Anton Guijarro, David"]
[Black "Dreev, Aleksey"]
[Result "1/2-1/2"]
[WhiteElo "2646"]
[BlackElo "2653"]
[Annotator "TA"]
[PlyCount "60"]
[EventDate "2018.05.19"]
[EventType "tourn"]
[EventCountry "CUB"]
[SourceTitle "playchess.com"]
[Source "ChessBase"]
[SourceQuality "1"]

{[%evp 26,60,35,20,20,24,25,30,24,21,32,26,34,25,23,26,14,25,16,0,0,0,0,0,0,0,0,0,0,0,0,0,0,0,0,0,0]} 1. d4 d5 2. c4 c6 3. Nf3 Nf6 4. Nc3 e6 5. Bg5 Nbd7 6. e3 Qa5 7. Nd2 Bb4 8. Qc2 O-O 9. Be2 c5 10. Bf4 {D52: Queen's Gambit Declined: Cambridge Springs Variation} (10. Bxf6 Nxf6 11. Nb3 Bxc3+ 12. bxc3 Qa4 13. Rc1 cxd4 14. cxd4 Qb4+ 15. Qd2 Qxd2+ 16. Nxd2 dxc4 17. Nxc4 Bd7 {1-0 (71) Radjabov,T (2710)-Dreev,A (2652) Doha 2016}) 10... cxd4 11. exd4 Bxc3 12. bxc3 Re8 13. O-O e5 14. Be3 {LiveBook: 3 Games} Qc7 15. Qb3 exd4 16. cxd4 dxc4 17. Nxc4 Nb6 $146 ({Predecessor:} 17... Nf8) 18. Nxb6 Qxb6 19. Rfb1 (19. Qxb6 {feels hotter.} axb6 20. Bf3 Be6 21. Rfb1 Nd5 22. a4) 19... Bg4 20. Qxb6 (20. Bxg4 {seems wilder.} Nxg4 21. Qxb6 axb6 22. Rb3 Ra6 23. Rd3) 20... axb6 21. Bxg4 Nxg4 22. Rxb6 {The position is equal.} Nxe3 23. fxe3 Rxe3 24. Rxb7 $11 {[%mdl 4096] Endgame KRR-KRR} g6 25. a4 {[%cal Ba2a4,Ba4a5,Ba5a6,Ba6a7][%mdl 32]} Re2 26. a5 {[#] Strongly threatening a6.} Rc8 $1 27. a6 Rcc2 28. a7 Rxg2+ 29. Kf1 Rgf2+ 30. Kg1 Rg2+ {Precision: White = 69%, Black = 89%.} 1/2-1/2

[Event "53rd Capablanca Memorial 2018"]
[Site "Havana"]
[Date "2018.05.19"]
[Round "10"]
[White "Bacallao Alonso, Yusnel"]
[Black "Shankland, Samuel"]
[Result "0-1"]
[WhiteElo "2594"]
[BlackElo "2701"]
[Annotator "TA"]
[PlyCount "64"]
[EventDate "2018.05.19"]
[EventType "tourn"]
[EventCountry "CUB"]
[SourceTitle "playchess.com"]
[Source "ChessBase"]
[SourceQuality "1"]

{[%evp 23,64,7,0,-3,7,0,6,7,0,-29,-19,-33,-28,-149,-113,-126,-120,-185,-179,-164,-179,-171,-170,-151,-133,-123,-123,-187,-185,-220,-222,-220,-214,-214,-220,-244,-244,-244,-244,-391,-391,-391,-384]} 1. Nf3 d5 2. c4 e6 3. d4 Nf6 4. Nc3 c6 5. e3 Nbd7 6. Qc2 Bd6 7. Bd3 O-O 8. O-O dxc4 9. Bxc4 b5 10. Bd3 Bb7 11. a3 h6 {D46: Semi-Slav: 5 e3 Nbd7 6 Bd3, Black avoids the Meran} (11... Rc8 12. b4 a5 13. Rb1 c5 14. bxc5 Bxf3 15. gxf3 Nxc5 16. dxc5 Rxc5 17. Rxb5 Nd5 18. Rxc5 Qg5+ 19. Kh1 Qh5 20. f4 Qf3+ 21. Kg1 Qg4+ 22. Kh1 Qf3+ 23. Kg1 {½-½ (23) Mamedyarov,S (2762)-Gelfand,B (2743) Tashkent 2016}) 12. Bd2 a5 {LiveBook: 9 Games} 13. Ne2 c5 $146 {The position is equal.} ({Predecessor:} 13... Qe7 14. e4 e5 15. Ng3 Rfd8 16. Nf5 Qf8 17. Rfe1 b4 18. axb4 axb4 19. Rxa8 Rxa8 {½-½ (51) Bach,N (1786)-Nguyen,H (1968) Hanoi 2017}) 14. Bxb5 Qb8 15. Bxd7 Nxd7 16. dxc5 Nxc5 {And now ...Be4 would win.} 17. Ng3 Ba6 $36 {[%mdl 2048] Black has the initiative.} 18. b4 (18. Rfd1 $11) 18... axb4 $17 19. axb4 Bxf1 20. Rxa8 (20. Rxf1 $17 Nd7 21. Ne4) 20... Qxa8 $19 21. bxc5 Bxg3 $1 22. hxg3 Bb5 23. Nd4 Bc6 {Hoping for ...Be4.} 24. f3 Rc8 25. Qc3 (25. Kh2 $17) 25... Bd7 26. Bc1 Qd5 27. Ba3 e5 {[%cal Be6e5,Be5d4][%mdl 32]} 28. Nc2 Ba4 29. e4 Qd1+ 30. Ne1 Rb8 31. Bb4 (31. Bc1 {is a better defense.}) 31... Qd4+ 32. Qxd4 exd4 {Precision: White = 30%, Black = 85%.} 0-1